Trồng - chăm sóc và phòng trừ sâu bệnh rau gia vị
שמור ב:
| מחבר ראשי: | |
|---|---|
| פורמט: | ספר |
| שפה: | Undetermined |
| יצא לאור: |
Thành Phố Hồ Chí Minh
Nông nghiệp
2007
|
| נושאים: | |
| תגים: |
הוספת תג
אין תגיות, היה/י הראשונ/ה לתייג את הרשומה!
|
| Thư viện lưu trữ: | Trung tâm Học liệu Trường Đại học Cần Thơ |
|---|
| LEADER | 00656nam a2200193Ia 4500 | ||
|---|---|---|---|
| 001 | CTU_128977 | ||
| 008 | 210402s9999 xx 000 0 und d | ||
| 020 | |c 16000 | ||
| 082 | |a 632.9 | ||
| 082 | |b Ch312/Q.30 | ||
| 100 | |a Nguyễn, Mạnh Chinh | ||
| 245 | 0 | |a Trồng - chăm sóc và phòng trừ sâu bệnh rau gia vị | |
| 245 | 0 | |c Nguyễn Mạnh Chinh, Nguyễn Đăng Nghĩa | |
| 260 | |a Thành Phố Hồ Chí Minh | ||
| 260 | |b Nông nghiệp | ||
| 260 | |c 2007 | ||
| 650 | |a Diseases and pests,Plants, protection of,Horticulture | ||
| 904 | |i Tuyến | ||
| 980 | |a Trung tâm Học liệu Trường Đại học Cần Thơ | ||